000 00804nam a22002537a 4500
003 CHAP
005 20220329135838.0
008 971013s r 00010 d
010 _a43194
011 _a44166
035 _a48304
040 _cCHAP
082 _a628.72
_bM4 1967
110 _aMéxico. Secretaría de Salubridad y Asistencia. Comisión Constructora e Ingeniería Sanitaria
_977228
245 _aAgua potable rural, 1967
260 _a(México, D.F. :
_bLa Secretaría),
_c(s.a.)
300 _as.p.
_b: ilus
590 _aBATCH-UPD
_b10
_c20130110
_lUCH01
_h1620
590 _aCONVERSION
_b10
_c20130109
_lUCH01
_h1324
650 1 4 _aAgua
_xAbastecimiento rural.
_92277
901 _aBK
942 _cLIBRO
949 _a628.72 M4 1967
_bBC
_cLIBRO
_d33724000025987
_eLIBRO
_h14269
_i48304
_mD
_si
999 _c43194
_d43194